El tractor

Bibliographic Details
Main Author: Ripoll Palacio, Vicente
Format: Section = Libro
Language:Undetermined
Spanish
Published: España [s.e.] 1972
Subjects:
LEADER 00430nam a2200181Ia 4500
008 240830s9999 xx 000 0 und d
040 |a B-ESTELÍ- RUACS / 631.372 R592 
041 |a spa 
082 |a 631.372 R592 
100 1 |a Ripoll Palacio, Vicente 
245 1 0 |a El tractor 
260 |a España  |b [s.e.]  |c 1972 
300 |a 146 p:il 
650 7 |a TRACTORES 
650 7 |b  MAQUINARIA 
942 |c BK  |2 ddc 
991 |a TEXTO 
999 |c 11318